| 000 | 00486nam a2200169 a 4500 | ||
|---|---|---|---|
| 001 | 23813 | ||
| 005 | 20180713221933.0 | ||
| 008 | 140415s1997 000 0 eng d | ||
| 020 | _a0309052947 | ||
| 041 | _aeng | ||
| 082 |
_a658.408 _bIND |
||
| 245 | 0 | 0 |
_aINDUSTRIAL GREEN GAME : _bIMPLICATIONS FOR ENVIRONMENTAL DESIGN AND MANAGEMENT |
| 250 | _a1a ed. | ||
| 260 |
_a[s.l.] : _bTHE NATIONAL ACADEMIC PRESS, _c1997 |
||
| 300 | _a269 | ||
| 650 | 1 | 4 | _aECOLOGIA INDUSTRIAL |
| 999 |
_c23813 _d23813 |
||